แสดงรายละเอียดบรรณานุกรม
  กลับหน้าหลัก

Brief Record : Get Marc (ISO 2709) : E-mail record : QR code ปิดหน้าต่าง
E-books : เกี่ยวกับ Collections
LEADER 00000nam 2200000uu 4500
008    140302s2552||||th 000 0 tha d
041 0  ^aTha^beng
090    ^aVCD000311
100 0  ^aสุธิดา วิมุตติโกศล.
245 00 ^aวีซีดี เรื่อง Structure./^bสุธิดา วิมุตติโกศล.
250    ^aพิมพ์ครั้งที่ 1
260    ^aกรุงเทพฯ : ^bสำนักพิมพ์เอ็มไอเอส,^c2552.
300    ^aCD-ROM จำนวน 4 แผ่น ; ความยาว 8 ชั่วโมง.
650  0 ^aภาษาอักฤษ ^xไวยากรณ์
650  0 ^aภาษาอักฤษ ^xแบบฝึกหัด
650  0 ^aวีซีดี
999    ^aใช้งานได้ทุกระบบ
รายการนี้ยังไม่มีแท็ก
คุณยังไม่ได้ล็อกอิน คุณสามารถมีกิจกรรมร่วมกับเว็บไซต์ได้ แต่ต้องล็อกอินก่อน ::
  ล็อกอิน
ลำดับที่ ประเภท เลขเรียก สถานที่ สถานะ
1. สื่อวีดิทัศน์
สื่อวีดิทัศน์
VCD000311 2552  
  
ชั้นวีซีดี On Shelf
  ขอยืม
   [แสดง 1/1 รายการ]

รายการใกล้เคียง
    หัวเรื่อง [วีซีดี]

BibComment


ยังไม่เคยถูกคอมเมนท์

คอมเมนท์ทรัพยากรรายการนี้
  คอมเมนท์: วีซีดี เรื่อง St..
Bib 209507

 
 
 

 Union Library Management : ULibM
Copyright 2026. All Rights Reserved.
скачать бесплатно без регистрации порно красивый секс HD Sex Hindi sex

xxx gou

xxxx

bfxxx

xxxwww

Секса Видео

xxxx

Секса Видео

detube

geilexxx

C99 Shell

worms shell

blod xxx video
Ebony Coed Rihanna Rimes Takes A Dick In Her Young Twat priyaa indian fuck anal and pusssy hardcore indian women xxx desi hardcore fucking part 1 bengalixxxcouple